| 000 | 01032nam a22002777a 4500 | ||
|---|---|---|---|
| 999 |
_c3193 _d3193 |
||
| 003 | AR-CdUCM | ||
| 008 | 190306b ||||| |||| 00| 0 spa d | ||
| 040 |
_aMUNICIPALIDAD PROVINCIAL DEL CUSCO _cBIBLIOTECA MUNICIPAL DEL CUSCO |
||
| 082 |
_a330.18 / _bP26 |
||
| 100 |
_aParedes Gordón, Tito Livio _910720 |
||
| 245 |
_aAlcances, Logros y Limitaciones de la Política Economica Peruana Actual : _bAportes para el Debate / |
||
| 260 |
_aCusco : _bAquarela Impresiones, _c2011. |
||
| 300 |
_a115 paginas ; _bilustraciones, tablas, cuadros, _c21cm. |
||
| 500 | _aColegio de Economistas Cusco | ||
| 505 | _aContenido- Fujimori -- Toledo -- Garcia -- Economia -- Creciemiento economico... | ||
| 650 |
_aGobiernos _910721 |
||
| 650 |
_aEconomia _9382 |
||
| 650 |
_aPerú _935 |
||
| 650 |
_aPoliticas _910722 |
||
| 650 |
_aPobrezas _910723 |
||
| 700 |
_aAcuario Canal, Leoncio Roberto _910724 |
||
| 700 |
_aEstrada Cuno, Wilbert _910725 |
||
| 700 |
_aVargas Salinas, Rafael Fernando _98538 |
||
| 942 |
_2ddc _cLIBROS |
||
| 945 | _apjha | ||